000
00324nam a22001457a 4500
003
SGT
020
_a
9789352868599
082
_a
005,DEI
100
_a
DEITEL PAUL
245
_a
INTERNET WORLD WIDE WEB HOW TO PROGRAM
260
_a
INDIA
_b
PEARSON
_c
2021
300
_a
962
650
_a
COMPUTER SCIENCE
942
_2
ddc
_c
BK
999
_c
24972
_d
24972